000 00403cam a2200157ua 4500
041 _aeng
_h
082 _a823.308
_bHAD/KI
100 _aHadfield, Alice M .
245 _aKing Arthur and the round table /
_cAlice M Hadfield.
_hTextual Documents
250 _a1 /
_b.
260 _aLondon :
_bJ M Dent and Sons Ltd ,
_c1969.
300 _a232 ; .
504 _a
942 _cBK
999 _c7046
_d7046